Gramática castellana. Segundo curso

Furkejuvvon:
Bibliográfalaš dieđut
Váldodahkki: Alonso, Amado; Ureña, Pedro Henríquez
Materiálatiipa: Girji
Giella:Spanish
Almmustuhtton: Buenos Aires, Argentina Editorial Losada 1953
Preanttus:Undécima edición
Fáttát:
Fáddágilkorat: Lasit fáddágilkoriid
Eai fáddágilkorat, Lasit vuosttaš fáddágilkora!

MARC

LEADER 00000nam a2200000Ia 4500
008 170316s9999 xx 000 0 spa d
040 |a cru BVZT 
090 |a 415-E A-5g v.2 
100 |a Alonso, Amado; Ureña, Pedro Henríquez 
245 |a Gramática castellana. Segundo curso  |c Amado Alonso; Pedro Henríquez Ureña 
250 |a Undécima edición 
260 |a Buenos Aires, Argentina 
260 |b Editorial Losada 
260 |c 1953 
300 |a 239 páginas. Vol. 2 
650 |a GRAMÁTICA ESPAÑOLA  |9 35 
999 |c 18912  |d 18912 
942 |c LIB  |h 415-E A-5g v.2  |2 z